The Italian country table : home cooking from Italy's farmhouse kitchens (Record no. 54724)

MARC details
000 -LEADER
fixed length control field 00788nam a2200205Ia 4500
008 - FIXED-LENGTH DATA ELEMENTS--GENERAL INFORMATION
fixed length control field 191130s1999##################000#0#eng##
020 ## - INTERNATIONAL STANDARD BOOK NUMBER
ISBN 9780684813257
082 ## - DEWEY DECIMAL CLASSIFICATION NUMBER
Classification number 641.5945 KAS
100 ## - MAIN ENTRY--AUTHOR NAME
Personal name Kasper, Lynne Rossetto
245 ## - TITLE STATEMENT
Title The Italian country table : home cooking from Italy's farmhouse kitchens
Statement of responsibility, etc Lynne Rossetto Kasper ; color photographs by Dana Gallagher ; design by Stephanie Tevonian ; black-and-white photographs by Lynne Rossetto Kasper
260 ## - PUBLICATION, DISTRIBUTION, ETC. (IMPRINT)
Place of publication New York
Name of publisher Scribner
Year of publication 1999
300 ## - PHYSICAL DESCRIPTION
Number of Pages 416 p. : ill. (some col.) ; 25 cm
500 ## - GENERAL NOTE
General note Includes bibliographical references (p. [401]-402) and index
650 ## - SUBJECT ADDED ENTRY--TOPICAL TERM
Topical Term Cooking, Italian
991 ## -
-- 315092
Holdings
Withdrawn status Lost status Damaged status Not for loan Home library Current library Shelving location Date acquired Full call number Accession Number Price effective from Koha item type
        Anna Centenary Library Anna Centenary Library 6TH FLOOR, A WING 09.10.2020 641.5945 KAS 457447 09.10.2020 English Books

Find us on the map